00673nam a22002057a 450000500170000001000330001702000260005003500130007603500190008903700150010803700220012308200170014510000180016224500790018026000320025927000500029130000260034149000500036750000500041720080617151414.0 aENG-90360 B-423849-850 c695.00a9780415446044 aEN-73893 a B-423849-850 bDBAD / PUB bAllied Publishers a346.5416016  aMody, Perveez aThe intimate state:cby Perveez Modiblove-marriage and the law in Delhi / aNew Delhi bRoutledgec2008 a912-915, Tolstoy House, bNew Delhi e110001 axx, 308p.c23 cm (Hb) aCritcal Asian studies / eidited by Veena Das  aIncludes bibliographical references & index